000 00984nam a2200289 c 4500
999 _c343799
_d343799
003 BLK
005 20190930141649.0
008 180911b bul|||||r ||||||| ||bul||
010 _a003460
040 _aBLK
041 _aDEU
_cBUL
080 _z39(430)
100 1 _aREUSCHEL, Karl
_eпърви автор
_9397257
245 0 0 _aVolkskundliche Streifzuge
246 _a11 Vortrage uber Fragen der Deutschen Volkskunde
260 _aDresden et al.
_bC. A. Koch
_c1903
300 _aVIII, 266 с
_c22 см
380 _a5
490 _aЧастна колекция - Академик Михаил Арнаудов
_gДарение - Основен фонд
520 _aМихаил Арнаудов: подпис
520 _aМихаил Арнаудов: негови-книга
520 _aПодчертавания и коментари по полетата
655 _aЕтнология
_9396841
700 1 _aKarl Reuschel
_9397258
852 _aМА 634
_bМА
942 _cKNG
_n0
_s1
944 _aCR
_c1995
_kValK
999 _d343799